Underground space design: a guide to subsurface utilization and design for people in underground spaces. (Record no. 90392)
[ view plain ]
| 000 -LEADER | |
|---|---|
| fixed length control field | 00888cam a2200253 4500 |
| 008 - FIXED-LENGTH DATA ELEMENTS--GENERAL INFORMATION | |
| fixed length control field | 090401t1993 xxu||||| |||| 00| 0 eng d |
| 020 ## - INTERNATIONAL STANDARD BOOK NUMBER | |
| International Standard Book Number | 0442013833 |
| 035 ## - SYSTEM CONTROL NUMBER | |
| System control number | (Sirsi) u36849 |
| 041 ## - LANGUAGE CODE | |
| Language code of text/sound track or separate title | eng |
| 050 ## - LIBRARY OF CONGRESS CALL NUMBER | |
| Classification number | 721.042 |
| 100 ## - MAIN ENTRY--PERSONAL NAME | |
| Personal name | Sterling, Raymond L. |
| 245 ## - TITLE STATEMENT | |
| Title | Underground space design: a guide to subsurface utilization and design for people in underground spaces. |
| 260 ## - PUBLICATION, DISTRIBUTION, ETC. | |
| Place of publication, distribution, etc. | New York |
| Name of publisher, distributor, etc. | Van Nostrand Reinhold |
| Date of publication, distribution, etc. | 1993 |
| 300 ## - PHYSICAL DESCRIPTION | |
| Extent | viii,328p. : ill. ; 28cm. |
| 350 ## - PRICE (NR) (BK AM CF MU VM SE) [OBSOLETE] | |
| Price | 54.5 |
| 520 ## - SUMMARY, ETC. | |
| Summary, etc. | In two parts; Overview of Subsurface Space Utilization, by Raymond L. Sterling and Design for People in Underground Facilties, by John Carmody. |
| 650 ## - SUBJECT ADDED ENTRY--TOPICAL TERM | |
| Topical term or geographic name entry element | BUILT ENVIRONMENT-CONSTRUCTION DESIGN |
| 650 ## - SUBJECT ADDED ENTRY--TOPICAL TERM | |
| Topical term or geographic name entry element | UNDERGROUND CONSTRUCTION |
| 650 ## - SUBJECT ADDED ENTRY--TOPICAL TERM | |
| Topical term or geographic name entry element | UNDERGROUND SPACE |
| 650 ## - SUBJECT ADDED ENTRY--TOPICAL TERM | |
| Topical term or geographic name entry element | UNDERGROUND STRUCTURES |
| 700 ## - ADDED ENTRY--PERSONAL NAME | |
| Personal name | Carmody, John |
| 942 ## - ADDED ENTRY ELEMENTS (KOHA) | |
| Suppress in OPAC | 0 |
| 948 ## - LOCAL PROCESSING INFORMATION (OCLC); SERIES PART DESIGNATOR (RLIN) | |
| c (OCLC) | 04/03/1997 |
| Withdrawn status | Lost status | Source of classification or shelving scheme | Damaged status | Not for loan | Home library | Current library | Shelving location | Date acquired | Cost, normal purchase price | Total Checkouts | Full call number | Barcode | Date last seen | Date last checked out | Copy number | Cost, replacement price | Price effective from | Koha item type |
|---|---|---|---|---|---|---|---|---|---|---|---|---|---|---|---|---|---|---|
| Dewey Decimal Classification | London | London | Folio | 03/03/1995 | 46.32 | 2 | F721.042 | 30045124 | 06/08/2019 | 27/02/2001 | 1 | 46.32 | 06/08/2019 | Book |